| 000 | 00705nam a2200217 a 4500 | ||
|---|---|---|---|
| 999 |
_c5590 _d5590 |
||
| 001 | 5590 | ||
| 003 | BD-JhCC | ||
| 005 | 20191003105101.0 | ||
| 008 | 171218s1984 bg ||||| |||| 00| 0 ben d | ||
| 035 | _a(BD-JhCC)5590 | ||
| 040 |
_aBD-JhCC _dBD-JhCC |
||
| 041 | _aben | ||
| 082 |
_a621.9 _bRAH 1984 |
||
| 100 | _aরহমান, মুহাম্মদ মাহবুবুর | ||
| 245 |
_aওয়ার্কশপ প্র্যাকটিস / _cমুহাম্মদ মাহবুবুর রহমান |
||
| 260 |
_aঢাকা : _bবাংলা একাডেমী, _c1984. |
||
| 300 |
_a93 p. : _c21 cm. |
||
| 650 | _aWorkshop practies | ||
| 942 |
_2ddc _cBK |
||